000 00713nam a22002297a 4500
003 DO-SdBNP
005 20220603090603.0
007 ta
008 110301s2019 dr a 000 0 spa d
020 _a9789945915846
040 _aDO-SdBNP
_bspa
_cBNPHU
082 4 _axxxx
_bJ58p
100 1 _aJesús, Elvis de
_953018
245 1 0 _aPerspectiva Hebrea :
_bde las escrituras I /
_cElvis de Jesús, Ángel Duarte
260 _aSanto Domingo :
_bPublicaciones Libertad,
_c2019.
300 _a115 p. :
_bil.
_c21 cm.
500 _aIncluye datos biográficos de los autores en la contra portada.
590 _aInventariado, 2022/ YL
700 1 2 _aDuarte, Ángel
_973540
910 _aYLockward
942 _2ddc
_cLBS1
999 _c51916
_d51916